Länder nach Duschgels #3 - Statistiken

Allgemein
  • Dieses Quiz wurde 30 mal gespielt
  • Das Durchschnittsergebnis liegt bei 5 aus 10
Antwortstatistiken
Bildquiz Antwort % Korrekt
Griechenland
100%
Belgien
87%
Vereinigte Arabische Emirate
61%
Madagaskar
57%
Südafrika
48%
Taiwan
39%
Aserbaidschan
35%
Venezuela
17%
Kolumbien
13%
Angola
9%
Keine übereinstimmenden Quizze gefunden
Verteilung der Resultate
Anzahl Personen mit jedem Resultat
Perzentil nach korrekt beantworteten Fragen
Ihre Resultats-Entwicklung
Sie haben dieses Quiz noch nicht gespielt